00466nam a2200193 a 4500001001300000003000900013005001700022008004100039020000900080082001500089100001800104245002200122260004000144300000900184500003500193505001000228650001600238700001800254nice12345678IN_TiNIC20260116012720.0050524s1985 dela grp 000 0 eng  ac2500a297.7bMAW aMawdoodi, S A aLet Us Be Muslims aDelhibMarkazi Maktaba Islamic1985 a311p aincludes index and biblioraphy2 aIndex aDawah-Islam1 aMawdoodi, S A